000 01165 a2200217 4500
003 Nust
005 20220720114804.0
010 _a 2004049447
020 _a1584884215 (acid-free paper)
040 _cNust
082 0 0 _a003.54,BIE
100 1 _aBierbrauer, Juergen.
_958586
245 1 0 _aIntroduction to coding theory /
_cJuergen Bierbrauer.
260 _aBoca Raton,
_bChapman & Hall/CRC,
_cc2005.
300 _axxiii, 390 p. :
_bill. ;
_c24 cm.
440 0 _aDiscrete mathematics and its applications
_93105
505 _aThe Concept of Coding (Page-3), Binary Linear Codes (Page-23), General Linear Codes (Page-41), Singleton Bound and Ree-Solomon Codes (Page-71), Recursive Constructions (Page-81), Universal Hashing (Page-93), Designs and The Binary Golay Code (Page-97), Shannon Entropy (Page-101), Asymptotic Results (Page-111), 3-Dimensional Codes, Projective Planes (Page-123), Theory and Applications of Codes (Page-131), Subfield Codes and Trace Codes (Page-133), Cyclic Codes (Page-149).
650 0 _aCoding theory.
_93106
856 4 2 _3Publisher description
_uhttp://www.loc.gov/catdir/enhancements/fy0646/2004049447-d.html
942 _cREF
_2ddc
999 _c174724
_d174724